Statistics for Game of Thrones Characters by Death

Click here to take the quiz!

General Stats

  • This quiz has been taken 28,302 times
    (8,282 since last reset)
  • The average score is 28 of 38

Answer Stats

Death Season Character % Correct
Beheaded for treason, startling pigeons1Ned Stark
93%
Gored by a boar1Robert Baratheon
91%
Shot with crossbow then stabbed by Roose Bolton at "Red Wedding"3Robb Stark
88%
Sickened by festering wound, kept alive by witchcraft,
smothered by Daenerys
1Khal Drogo
87%
Killed by wights after "holding the door" to let Bran escape6Hodor
86%
Poisoned at his own wedding feast4Joffrey Baratheon
86%
Stabbed by the Nights Watch in a Julius Caesar style mutiny - later resurrected5Jon Snow
86%
Shot with crossbow while on toilet4Tywin Lannister
86%
Molten gold poured over head1Viserys Targaryen
81%
Stabbed by a shadow that emerged from the Red Woman's womb2Renly Baratheon
80%
Devoured by his own hounds - watched by Sansa6Ramsay Bolton
80%
Throat slit by Arya after Bran sees his many lies7Petyr Baelish
79%
Died in his sister's arms as the Red Keep collapsed on top of them8Jaime Lannister
78%
Throat slit at the "Red Wedding"3Catelyn Stark
78%
Stabbed by a tearful Jon Snow8Daenerys Targaryen
77%
Died in her brother's arms as the Red Keep collapsed on top of them8Cersei Lannister
77%
Assassinated by Arya during the Battle of Winterfell8The Night King
77%
Her mission complete, she removes her necklace and walks into the snow,
rapidly aging and dying
8Melisandre
75%
This morally compromised character gains redemption defending Bran
during the Battle of Winterfell
8Theon Greyjoy
75%
Dies defending Daenerys during the Battle of Winterfell8Jorah Mormont
74%
Threw himself from tower window due to grief6Tommen Baratheon
73%
Strangled by Tyrion using necklace4Shae
73%
Shot by an arrow while aiming arrow at Jon Snow4Ygritte
72%
Head crushed by Gregor Clegane while fighting in a trial by combat4Oberyn Martell
71%
Throat slit by Arya after being fed a pie made from his sons6Walder Frey
71%
Plunged from the castle walls while fighting the zombified remains of his brother8Sandor Clegane
71%
Sentenced to death by Daenerys for plotting against her. Killed by dragonfire.8Lord Varys
70%
Wounded in battle for Winterfell. Finished off by Brienne of Tarth.5Stannis Baratheon
69%
Petyr Baelish "made her fly" through the Moon Door4Lysa Arryn
68%
Highest ranking person to be killed when Cersei destroys
the High Sept with wildfire
6Margaery Tyrell
66%
Beheaded on the orders of Cersei on the walls of King Landing8Missandei
65%
Was burning at the stake when Jon Snow shot an arrow through his heart5Mance Rayder
64%
Possibly the one character in the show to die peacefully of old age, at Castle Black5Aemon Targaryen
64%
Received a "kiss of death" from Ellaria Sand5Myrcella Baratheon
63%
Killed by Jaime Lannister after bragging about having sex with his sister8Euron Greyjoy
59%
After several years north of the wall, this character saves Jon Snow,
only to be killed by wights shortly afterwards
7Benjen Stark
59%
Stabbed by numerous small children under Qyburn's command6Grand Maester
Pycelle
48%
Killed by Jon Snow so that Jon could gain the Wildlings' trust2Qhorin Halfhand
45%

Score Distribution

Percentile by Number Answered

Percent of People with Each Score

Your Score History

You have not taken this quiz since the last reset